书目信息 |
| 题名: |
深埋隧道硬岩灾变风险评估理论与方法
|
|
| 作者: | 吴忠广 , 吴顺川 编著 | |
| 分册: | ||
| 出版信息: | 北京 人民交通出版社股份有限公司 2022.07 |
|
| 页数: | 203页 | |
| 开本: | 26cm | |
| 丛书名: | ||
| 单 册: | ||
| 中图分类: | U459.9 | |
| 科图分类: | ||
| 主题词: | 深埋隧道--shen mai sui dao--岩石隧洞--隧道施工--风险管理 | |
| 电子资源: | ||
| ISBN: | 978-7-114-17965-5 | |
| 000 | 01090nam0 2200241 450 | |
| 001 | 011025153623 | |
| 005 | 20221025153623.0 | |
| 010 | @a978-7-114-17965-5@dCNY90.00 | |
| 100 | @a20201004d2022 em y0chiy0120 ea | |
| 101 | 0 | @achi |
| 102 | @aCN@b110000 | |
| 105 | @ay z 000yy | |
| 106 | @ar | |
| 200 | 1 | @a深埋隧道硬岩灾变风险评估理论与方法@Ashen mai sui dao ying yan zai bian feng xian ping gu li lun yu fang fa@f吴忠广, 吴顺川编著 |
| 210 | @a北京@c人民交通出版社股份有限公司@d2022.07 | |
| 215 | @a203页@c图@d26cm | |
| 320 | @a有书目 ( 第198-203页 ) | |
| 330 | @a本书利用案例统计、理论解析、现场监测与数值模拟等相结合的办法,系统介绍了作者多年来在硬岩隧道风险评估领域的研究成果,对深埋硬岩隧道风险评估基础理论、围岩参数不确定性对风险的影响、深埋硬岩隧道剥落破坏与岩爆风险评估方法等进行了全面系统的介绍,为有效指导深埋硬岩隧道灾变防治提供了理论和技术支持。 | |
| 606 | 0 | @a深埋隧道@Ashen mai sui dao@x岩石隧洞@x隧道施工@x风险管理 |
| 690 | @aU459.9@v5 | |
| 701 | @a吴忠广@Awu zhong guang@4编著 | |
| 701 | @a吴顺川@Awu shun chuan@4编著 | |
| 905 | @a河南城建学院图书馆@dU459.9@eW921 | |
| 深埋隧道硬岩灾变风险评估理论与方法/吴忠广, 吴顺川编著.-北京:人民交通出版社股份有限公司,2022.07 |
| 203页:图;26cm |
| ISBN 978-7-114-17965-5:CNY90.00 |
| 本书利用案例统计、理论解析、现场监测与数值模拟等相结合的办法,系统介绍了作者多年来在硬岩隧道风险评估领域的研究成果,对深埋硬岩隧道风险评估基础理论、围岩参数不确定性对风险的影响、深埋硬岩隧道剥落破坏与岩爆风险评估方法等进行了全面系统的介绍,为有效指导深埋硬岩隧道灾变防治提供了理论和技术支持。 |
| ● |
| 相关链接 |
|
|
|
正题名:深埋隧道硬岩灾变风险评估理论与方法
索取号:U459.9/W921
 
预约/预借
| 序号 | 登录号 | 条形码 | 馆藏地/架位号 | 状态 | 备注 |
| 1 | 1588720 | 215887208 | 自科库501/501自科库 86排1列1层/ [索取号:U459.9/W921] | 在馆 |